| 000 | 00495cam a2200181 a 4500 | ||
|---|---|---|---|
| 020 | _a0821318438 (v. 1) | ||
| 020 | _a0821318446 (v. 2) | ||
| 020 | _a0821318454 (v. 3) | ||
| 040 | _cDLC | ||
| 082 | 0 | 0 | _a333 WOR 1991 A067 Or. |
| 110 | 2 | _aWorld Bank. | |
| 245 | 1 | 0 | _aEnvironmental assessment sourcebook / |
| 260 |
_aWashington, D.C. : _bWorld Bank, _cc1991. |
||
| 300 |
_a3 v. : _bill. ; _c27 cm. |
||
| 650 | 0 | _aEconomic development | |
| 650 | 0 | _aEnvironmental impact analysis. | |
| 942 | _cEK | ||
| 999 |
_c14497 _d14497 |
||